[Event "Doeberl Cup"]
[Site "Canberra AUS"]
[Date "2010.04.03"]
[Round "6"]
[White "Goldenberg,I"]
[Black "Jones,G"]
[Result "1/2-1/2"]
[WhiteElo "2386"]
[BlackElo "2556"]

1.d4 Nf6 2.Nf3 g6 3.c4 Bg7 4.g3 O-O 5.Bg2 d6 6.O-O Nbd7 7.Nc3 e5 8.e4 exd4
9.Nxd4 Re8 10.Re1 a6 11.h3 Rb8 12.Be3 Ne5 13.b3 c5 14.Nde2 b5 15.cxb5 axb5
16.Nf4 b4 17.Ncd5 Nxd5 18.Nxd5 Ba6 19.Rb1 h6 20.Qd2 c4 21.bxc4 Nxc4 22.Qd1 Nxe3
23.Rxe3 Qa5 24.Reb3 Bc4 25.Rxb4 Rxb4 26.Nxb4 Qc5 27.Nd5 Ra8 28.a4 Bd4 29.Qf3 Bxd5
30.exd5 Ra7 31.h4 h5 32.Bf1 Kg7 33.Bb5 Re7 34.Rd1 Re5 35.Rf1 Rxd5 36.Kg2 Rf5
37.Qc6 Rxf2+ 38.Rxf2 Bxf2 39.Qxc5 Bxc5 40.Bc4 Bb4 41.Kf3 Be1 42.Bd5 f5 43.Bc4 Kf6
44.Bd5 Ke5  1/2-1/2

[Event "17th TCh-RUS Higher League"]
[Site "Dagomys RUS"]
[Date "2010.04.03"]
[Round "2"]
[White "Pakhomov,E"]
[Black "Lyaskovsky,Vi"]
[Result "0-1"]
[WhiteElo "2381"]
[BlackElo "2317"]

1.d4 Nf6 2.Nf3 g6 3.g3 Bg7 4.Bg2 O-O 5.c4 d6 6.O-O Nbd7 7.Nc3 e5 8.h3 Re8
9.e4 exd4 10.Nxd4 a6 11.Re1 Rb8 12.b3 c5 13.Nc2 b5 14.cxb5 axb5 15.Qxd6 Rb6
16.Qd2 b4 17.Na4 Rbe6 18.e5 Qe7 19.Bb2 Nh5 20.g4 Nxe5 21.gxh5 Rd8 22.Qe3 Nd3
23.Bxg7 Kxg7 24.Be4 f5 25.Bxd3 Rxe3 26.Rxe3 Qg5+ 27.Rg3 Qxh5 28.f4 Qh4 29.Re3 Qxf4
30.Rf1 Qg5+ 31.Kh2 f4 32.Rg1 Qh5 33.Be2 f3 34.Rxf3 Rd2 35.Rfg3 Rxc2  0-1

[Event "17th TCh-RUS Higher League"]
[Site "Dagomys RUS"]
[Date "2010.04.03"]
[Round "2"]
[White "Drozdovskij,Y"]
[Black "Kokarev,Dm"]
[Result "1/2-1/2"]
[WhiteElo "2627"]
[BlackElo "2622"]

1.d4 Nf6 2.c4 g6 3.Nf3 Bg7 4.g3 O-O 5.Bg2 d6 6.Nc3 Nc6 7.O-O a6 8.d5 Na5
9.Nd2 c5 10.Qc2 Rb8 11.Rb1 b5 12.b3 e5 13.cxb5 axb5 14.b4 cxb4 15.Rxb4 Qc7
16.Ba3 Ba6 17.Rc1 Rfc8 18.Qb1 Qb6 19.e3 h5 20.Nxb5 Rxc1+ 21.Bxc1 Qc5 22.a4 Nxd5
23.Bxd5 Qxd5 24.Nc7 Rxb4 25.Qxb4 Qc6 26.Nxa6 Qxc1+ 27.Nf1 Nc4 28.Nc7 e4 29.Nd5 Ne5
30.Qxe4 Qd1 31.Kg2 f5 32.Ne7+ Kh7 33.Qa8 Nd3 34.Qg8+ Kh6 35.Qe6 Ne1+ 36.Kg1 Nf3+  1/2-1/2

[Event "17th TCh-RUS Higher League"]
[Site "Dagomys RUS"]
[Date "2010.04.04"]
[Round "3"]
[White "Bukavshin,I"]
[Black "Lyaskovsky,Va"]
[Result "1-0"]
[WhiteElo "2427"]
[BlackElo "2271"]

1.d4 Nf6 2.c4 g6 3.Nf3 Bg7 4.g3 O-O 5.Bg2 d6 6.O-O Nbd7 7.Nc3 e5 8.e4 exd4
9.Nxd4 Re8 10.Re1 a6 11.Rb1 Ne5 12.b3 c5 13.Nc2 Nc6 14.h3 Rb8 15.a4 b6 16.Bb2 Bb7
17.Qd2 Na5 18.Ba1 Qd7 19.Nd5 Bxd5 20.cxd5 c4 21.bxc4 Nxc4 22.Qd3 Rec8 23.Nd4 Ne5
24.Qd1 b5 25.axb5 axb5 26.f4 Nc4 27.Nc6 Ra8 28.e5 dxe5 29.fxe5 Nh5 30.Qg4 Qb7
31.Qxc4 Rxa1 32.Ne7+  1-0

[Event "14th Neckar-Open"]
[Site "Deizisau GER"]
[Date "2010.04.04"]
[Round "7"]
[White "Borovikov,V"]
[Black "Heimann,An"]
[Result "1/2-1/2"]
[WhiteElo "2594"]
[BlackElo "2458"]

1.d4 Nf6 2.Nf3 g6 3.c4 Bg7 4.g3 O-O 5.Bg2 d6 6.Nc3 Nc6 7.O-O a6 8.Qd3 e5
9.dxe5 dxe5 10.Qxd8 Rxd8 11.Bg5 Be6 12.Nd2 h6 13.Bxf6 Bxf6 14.Nde4 Be7 15.Nd5 Bxd5
16.cxd5 Nb4 17.Nc3 c6 18.dxc6 Nxc6 19.Nd5 Kf8 20.Nb6 Rab8 21.Bxc6 bxc6 22.Nc4 Rd5
23.b3 e4 24.Rac1 a5 25.Rc2 a4 26.bxa4 Rc5 27.Rfc1 Rb4 28.a5 Ra4 29.e3 Kg7
30.Nd2 Rcxa5 31.Rxc6 Rxa2 32.Nxe4 Ra1 33.Rxa1 Rxa1+ 34.Kg2 Ra4 35.Kf3 h5
36.Rc7 Kf8 37.h3 Ra6 38.g4 hxg4+ 39.hxg4 Ra5 40.Rb7 Rd5 41.Ke2 Re5 42.Kd3 Ra5
43.Ke2 Re5 44.Kf3 Rd5 45.Kg3 Ra5 46.Rb8+ Kg7 47.Re8 Bf6 48.f4 Ra7 49.g5 Bb2
50.Rb8 Ba1 51.Kf3 f6 52.gxf6+ Bxf6 53.Rb6 Be7 54.Rc6 Kf7 55.Nc3 Ra5 56.Ne4 g5
57.Kg4 gxf4 58.exf4 Ra4 59.Ng5+ Bxg5 60.Kxg5 Ra1 61.Rc7+  1/2-1/2

[Event "21st Pobeskydi Chance Cup"]
[Site "Frydek-Mistek CZE"]
[Date "2010.04.05"]
[Round "9"]
[White "Klecker,T"]
[Black "Jurcik,Mart"]
[Result "1/2-1/2"]
[WhiteElo "2175"]
[BlackElo "2362"]

1.d4 Nf6 2.Nf3 g6 3.c4 Bg7 4.g3 d6 5.Bg2 O-O 6.O-O c6 7.Nc3 Qb6 8.e4 Bg4
9.h3 Bxf3 10.Bxf3 Nfd7 11.d5 Na6 12.Be2 Rfc8 13.Qc2 Qd8 14.Be3 Nac5 15.Rad1 a5
16.Bd4 Qf8 17.Qd2 Bxd4 18.Qxd4 Qg7 19.Rfe1 Qxd4 20.Rxd4 Ra6 21.f4 Rb6 22.Rd2 f6  1/2-1/2

[Event "IV Open"]
[Site "La Laguna ESP"]
[Date "2010.04.09"]
[Round "6"]
[White "Villavicencio Martinez,A"]
[Black "Perez Aleman,P"]
[Result "1/2-1/2"]
[WhiteElo "2326"]
[BlackElo "2094"]

1.Nf3 Nf6 2.d4 g6 3.g3 Bg7 4.Bg2 d6 5.c4 O-O 6.Nc3 c5 7.O-O Nc6 8.dxc5 dxc5
9.Be3 Be6 10.Ng5 Qxd1 11.Rfxd1 Bxc4 12.Bxc5 Rfe8 13.b3 h6 14.bxc4 hxg5 15.Rab1 Rac8
16.Rb2 Na5 17.Rb5 Nxc4 18.Bxa7 Rc7 19.Rxb7 Rcc8 20.Nb5 Nd6 21.Nxd6 exd6 22.e3 Rc2
23.h3 Rxa2 24.Rxd6 Rc8 25.Rc6 Rd8 26.Bd4 Ne8 27.Rb4 Rd2 28.Bxg7 Rd1+ 29.Kh2 Kxg7
30.Rc2 Nf6 31.Bf3 R1d2 32.Rxd2 Rxd2 33.Kg2 Nd5 34.Re4  1/2-1/2

[Event "Final Four of College Chess"]
[Site "Brownsville USA"]
[Date "2010.04.10"]
[Round "1"]
[White "Sadorra,J"]
[Black "Margvelashvili,G"]
[Result "0-1"]
[WhiteElo "2469"]
[BlackElo "2519"]

1.d4 Nf6 2.c4 g6 3.g3 Bg7 4.Bg2 O-O 5.Nf3 d6 6.O-O Nbd7 7.Nc3 e5 8.e4 c6
9.h3 Re8 10.Be3 exd4 11.Nxd4 Nc5 12.Qc2 a5 13.Rad1 Qe7 14.Rfe1 Nfd7 15.b3 Na6
16.Rd2 Ndc5 17.a3 Bd7 18.Rb1 f5 19.exf5 Bxd4 20.Rxd4 Bxf5 21.Qd1 Bxb1 22.Qxb1 Nc7
23.b4 axb4 24.axb4 N5e6 25.Rd1 Qg7 26.Qc1 Rac8 27.Ne4 Red8 28.Nxd6 Ra8 29.Kh2 Ne8
30.c5 Qe7 31.Qd2 Nxd6 32.cxd6 Qf7 33.Bb6 Rd7 34.Bf1 Ng7 35.Qc3 Kh8 36.Bc4 Qf8
37.Qd3 Re8 38.Rd2 Qf5 39.Qc3 h5 40.b5 cxb5 41.Rd5 Qe4 42.Rd4 Qc6  0-1

[Event "IV Open"]
[Site "La Laguna ESP"]
[Date "2010.04.10"]
[Round "7"]
[White "Perez Martin,N"]
[Black "De la Rubia Ramirez,D"]
[Result "0-1"]
[WhiteElo "1521"]
[BlackElo "1778"]

1.d4 Nf6 2.c4 g6 3.g3 Bg7 4.Bg2 O-O 5.Nf3 d6 6.Nc3 c5 7.d5 e6 8.Qb3 Nbd7
9.dxe6 fxe6 10.Ng5 Qe7 11.O-O Kh8 12.a4 a6 13.a5 Rb8 14.Qc2 Ne5 15.Nce4 Nxe4
16.Nxe4 d5 17.cxd5 exd5 18.Bg5 Qc7 19.Nxc5 Bf5 20.e4 dxe4 21.Be3 Rbc8 22.Qb3 Qe7
23.Nxe4 Nc4 24.Bg5 Qe6 25.Rfe1 Bxe4 26.Rxe4 Qf5 27.Be3 Nxa5 28.Qe6 Qxe6 29.Rxe6 Nc4
30.Bxb7 Rb8 31.Bxa6 Nxe3 32.Rxe3 Rxb2 33.Re2 Rxe2  0-1

[Event "6th TCh-CHN"]
[Site "Ningbo CHN"]
[Date "2010.04.16"]
[Round "1"]
[White "Wang Hao"]
[Black "Ding Liren"]
[Result "1-0"]
[WhiteElo "2715"]
[BlackElo "2565"]

1.d4 Nf6 2.c4 g6 3.Nf3 Bg7 4.g3 O-O 5.Bg2 d6 6.O-O Nc6 7.Nc3 a6 8.b3 Rb8
9.Nd5 Nd7 10.Bb2 e6 11.Ne3 b6 12.Qd2 Ne7 13.Rac1 Bb7 14.Ra1 Bc8 15.Rac1 Bb7
16.Rfd1 Nf6 17.d5 e5 18.Nf1 Ne4 19.Qc2 f5 20.N1d2 Nxd2 21.Nxd2 f4 22.b4 Bc8
23.c5 bxc5 24.bxc5 Rxb2 25.Qxb2 e4 26.Qa3 e3 27.fxe3 fxg3 28.e4 Bd4+ 29.Kh1 Bxc5
30.Qxg3 Bd7 31.Rf1 Rxf1+ 32.Rxf1 Bd4 33.Qd3 Bg7 34.Qxa6 g5 35.Qa7 Ng6 36.Rb1 Nf8
37.Qb8 Qf6 38.Qxc7 Qf4 39.Nc4 Bh3 40.Nxd6 Be5 41.Qf7+ Qxf7 42.Nxf7 Bxg2+
43.Kxg2 Kxf7 44.a4 Nd7 45.a5 Nc5 46.Rb5  1-0

[Event "TCh-CHN"]
[Site "Ningbo City CHN"]
[Date "2010.04.16"]
[Round "1"]
[White "Wang Hao"]
[Black "Ding Liren"]
[Result "1-0"]
[WhiteElo "2715"]
[BlackElo "2565"]

1.d4 Nf6 2.c4 g6 3.Nf3 Bg7 4.g3 O-O 5.Bg2 d6 6.O-O Nc6 7.Nc3 a6 8.b3 Rb8
9.Nd5 Nd7 10.Bb2 e6 11.Ne3 b6 12.Qd2 Ne7 13.Rac1 Bb7 14.Rfd1 Nf6 15.d5 e5
16.Nf1 Ne4 17.Qc2 f5 18.N1d2 Nxd2 19.Nxd2 f4 20.b4 Bc8 21.c5 bxc5 22.bxc5 Rxb2
23.Qxb2 e4 24.Qa3 e3 25.fxe3 fxg3 26.e4 Bd4+ 27.Kh1 Bxc5 28.Qxg3 Bd7 29.Rf1 Rxf1+
30.Rxf1 Bd4 31.Qd3 Bg7 32.Qxa6 g5 33.Qa7 Ng6 34.Rb1 Nf8 35.Qb8 Qf6 36.Qxc7 Qf4
37.Nc4 Bh3 38.Nxd6 Be5 39.Qf7+ Qxf7 40.Nxf7 Bxg2+ 41.Kxg2 Kxf7 42.a4 Nd7
43.a5 Nc5 44.Rb5  1-0

[Event "TCh-NED 2009-10"]
[Site "Netherlands NED"]
[Date "2010.04.18"]
[Round "9"]
[White "Van Haastert,E"]
[Black "Van de Mortel,J"]
[Result "1/2-1/2"]
[WhiteElo "2413"]
[BlackElo "2412"]

1.d4 Nf6 2.c4 g6 3.g3 Bg7 4.Bg2 O-O 5.Nf3 d6 6.O-O c6 7.Nc3 Qa5 8.e4 e5 9.Re1 Bg4
10.d5 cxd5 11.cxd5  1/2-1/2

[Event "TCh-SUI 2010"]
[Site "Switzerland SUI"]
[Date "2010.04.25"]
[Round "3.3"]
[White "Miralles,G"]
[Black "Heimann,An"]
[Result "1/2-1/2"]
[WhiteElo "2469"]
[BlackElo "2464"]

1.d4 Nf6 2.c4 g6 3.Nf3 Bg7 4.g3 O-O 5.Bg2 d6 6.O-O Nc6 7.d5 Na5 8.Na3 c5
9.Qe1 b5 10.cxb5 a6 11.b6 Qxb6 12.e4 Qb4 13.Nd2 Rb8 14.Nc2 Qb5 15.a4 Qb6
16.b3 e6 17.Rb1 exd5 18.b4 cxb4 19.Nxb4 Qa7 20.Nxd5 Nxd5 21.Rxb8 Qxb8 22.exd5 Bd7
23.Ne4 Nc4 24.Bh6 Qb2 25.Bxg7 Kxg7 26.Qc1 Rc8 27.Qxb2+ Nxb2 28.Nxd6 Rc2 29.a5 Nc4
30.Nxc4 Rxc4 31.Ra1 Rc5 32.Bf1 Bb5 33.Bxb5 Rxb5 34.Rd1 Rb7 35.Rc1 Rb5 36.Rd1 Rb7
37.Kg2 Kf8 38.Rc1 Rd7 39.Rc5 Ke7 40.Kf3 Kd6 41.Rc6+ Ke5 42.Rxa6 Rxd5 43.Kg4 Ke4
44.Rf6 Rxa5 45.Rxf7 Rh5 46.h4 Ke5 47.Kh3 Ke6 48.Rf8 Ra5 49.g4 Ra3+ 50.f3 Ke7
51.Rf4 Ra7 52.g5 Ra1 53.Kg2 Ra2+ 54.Kg3 Ra7 55.Rf6 Ra5 56.Kg4 Ra4+ 57.Rf4 Ra1
58.Rb4 Kf7 59.h5 Rg1+ 60.Kf4 gxh5 61.Kf5 Ra1 62.Rb7+ Kg8 63.f4 Ra6 64.Re7 h4
65.Re3 Kg7 66.Re7+ Kg8 67.Kg4 h6 68.Kxh4 hxg5+ 69.Kxg5 Kf8  1/2-1/2

[Event "TCh-SUI 2010"]
[Site "Switzerland SUI"]
[Date "2010.04.25"]
[Round "3.3"]
[White "Buss,Ra"]
[Black "Forster,Ri"]
[Result "1/2-1/2"]
[WhiteElo "2416"]
[BlackElo "2438"]

1.Nf3 Nf6 2.c4 g6 3.d4 Bg7 4.g3 O-O 5.Bg2 d6 6.Nc3 c6 7.O-O a6 8.e4 Bg4 9.Qb3 b5
10.h3 Bxf3 11.Bxf3 Nbd7 12.cxb5 axb5 13.Be3 Rb8 14.Rfd1  1/2-1/2

[Event "ch-Commonwealth"]
[Site "Delhi IND"]
[Date "2010.05.15"]
[Round "8"]
[White "Navalgund,N"]
[Black "Nitin,S"]
[Result "1/2-1/2"]
[WhiteElo "2158"]
[BlackElo "2363"]

1.d4 Nf6 2.c4 g6 3.g3 Bg7 4.Bg2 O-O 5.Nf3 d6 6.Nc3 c6 7.O-O Nbd7 8.Qc2 Re8
9.Rd1 Qc7 10.e4 e5 11.h3 b6 12.b3 Bb7 13.Bb2 a6 14.dxe5 dxe5 15.b4 Bf8 16.a3 a5
17.Qb3 Nb8 18.Ne1 Na6 19.Nd3 Rad8 20.Ne2 Nd7 21.Bc3 b5 22.c5 Bg7 23.Qb2 Nf8
24.f4 f6 25.fxe5 fxe5 26.Kh2 Rd7 27.Ng1 Qd8 28.Qc2 g5 29.Bf3 Qc7 30.Bg4 Rde7
31.Nf3 Bf6 32.Qd2 Rg7 33.Bh5 Ree7 34.Qb2 Nd7 35.Nf2 Re6 36.Qb3 Nf8 37.Bg4 Bc8
38.Bxe6+ Bxe6 39.Qb2 Ng6 40.Rd6 Qf7 41.Nd3 g4 42.hxg4 Bxg4 43.Ndxe5 Nxe5
44.Nxe5 Qh5+ 45.Kg1 Bf3 46.Qh2 Qg5 47.Nxf3 Qe3+ 48.Kg2 Qxc3 49.Rad1 axb4
50.Qh3 Rf7 51.Qg4+ Kf8 52.Qc8+ Kg7 53.Qg4+ Kf8 54.Rxc6 Nc7 55.e5 Qb3 56.Qc8+ Ne8
57.Re6 Be7 58.Rf1 bxa3 59.c6 a2 60.c7 Qc2+ 61.Rf2 Qxc7 62.Qa6 b4 63.Qxa2 Qb7
64.Qb3 Ng7 65.Rh6 Nf5 66.e6 Rg7 67.Rh3 Qe4 68.Kh2 Kg8 69.Qa4 Qe3 70.Qa8+ Bf8
71.Rd2 Qxe6 72.Qd5 Qxd5 73.Rxd5 Ne3 74.Rb5 Rf7 75.g4 Nxg4+ 76.Kg3 Nf6 77.Kg2 Bd6
78.Rb6 Rg7+ 79.Kf1 Ne4 80.Rh4 Ng3+ 81.Ke1 Re7+ 82.Kd1 Nf5 83.Rg4+ Kf7 84.Kc1 Ne3
85.Rh4 Rc7+ 86.Kb1 Nf5 87.Rh5 Ng7 88.Rxh7 Rd7 89.Ng5+ Kg8 90.Rh3 Bf4 91.Ne4 Rd4
92.Nf2 Nf5 93.Nd3 Bd2 94.Rb5 Nd6 95.Rb8+ Kg7 96.Kc2 Bc3 97.Kb3 Ne4 98.Nxb4 Be1
99.Nc2 Nc5+ 100.Kb2 Rd2 101.Kb1 Bf2 102.Rb4 Nd3 103.Rg4+ Kf6 104.Rxd3 Rxd3
105.Rf4+ Ke5 106.Rxf2 Ke6  1/2-1/2

[Event "ch-Commonwealth"]
[Site "Delhi IND"]
[Date "2010.05.17"]
[Round "10"]
[White "Harika,D"]
[Black "Bitan,B"]
[Result "1/2-1/2"]
[WhiteElo "2491"]
[BlackElo "2311"]

1.d4 Nf6 2.c4 g6 3.g3 Bg7 4.Bg2 d6 5.Nf3 O-O 6.Nc3 Nbd7 7.O-O e5 8.e4 exd4
9.Nxd4 Nc5 10.h3 Re8 11.Re1 Bd7 12.Kh2 h6 13.Rb1 a5 14.f4 h5 15.Nb3 Na4 16.Nxa4 Bxa4
17.Qd3 Nd7 18.Be3 Bc6 19.Qc2 b6 20.Rbd1 a4 21.Nd4 Bb7 22.Nb5 Qc8 23.Bd4 Bxd4
24.Rxd4 Nc5 25.Nc3 h4 26.Qf2 hxg3+ 27.Qxg3 Qe6 28.e5 Bxg2 29.Qxg2 Nd7 30.Nd5 Rac8
31.Rde4 dxe5 32.fxe5 c6 33.Nf4 Qf5 34.Nd3 Nc5 35.Nxc5 bxc5 36.Rf1 Qd7 37.Qf2 Rb8
38.Re2 Qe7 39.e6 fxe6 40.Rg1 Kg7 41.Qg3 Qf6 42.b4 Rxb4 43.Rgg2 e5 44.Re4 Re6
45.Qe3 Qe7  1/2-1/2

[Event "4th All China Games Rapid"]
[Site "Hefei CHN"]
[Date "2010.05.17"]
[Round "1"]
[White "Zhao Jun"]
[Black "Wang Pin"]
[Result "1-0"]
[WhiteElo "2574"]
[BlackElo "2407"]

1.d4 Nf6 2.c4 g6 3.g3 Bg7 4.Bg2 O-O 5.Nf3 d6 6.O-O Nc6 7.Nc3 Rb8 8.h3 a6
9.e4 Nd7 10.Be3 Na5 11.b3 b5 12.cxb5 axb5 13.Rc1 c6 14.Qd2 b4 15.Na4 Nf6
16.Ne1 d5 17.e5 Ne4 18.Qc2 Ba6 19.Nd3 Bb5 20.Nab2 Nc3 21.Ra1 c5 22.Nxc5 Bxf1
23.Bxf1 Nb7 24.Nbd3 Nxc5 25.Nxc5 Nb5 26.Qd2 Nc7 27.Rc1 Rb6 28.h4 Ne6 29.Nxe6 fxe6
30.Bd3 Rf7 31.Kg2 Bf8 32.Rc5 Qa8 33.Qc2 Rb8 34.Rc6 Bg7 35.h5 Rff8 36.hxg6 hxg6
37.Rxe6 Rfc8 38.Qe2 Rc6 39.Rxg6 Rxg6 40.Bxg6 Qc6 41.Qh5 Qe6 42.f4 Ra8 43.f5 Rxa2+
44.Kh3 Qa6 45.Qf3 Qc6 46.Bg5 Qd7 47.e6 Qc6 48.Bxe7  1-0

[Event "ch-CAT"]
[Site "Sabadell ESP"]
[Date "2010.05.17"]
[Round "2.1"]
[White "Magem Badals,J"]
[Black "Gual Pascual,A"]
[Result "1/2-1/2"]
[WhiteElo "2585"]
[BlackElo "2459"]

1.d4 Nf6 2.c4 g6 3.Nf3 Bg7 4.g3 O-O 5.Bg2 d6 6.O-O Nc6 7.Nc3 a6 8.d5 Na5
9.Nd2 c5 10.Qc2 Rb8 11.b3 b5 12.Rb1 e5 13.b4 Bf5 14.e4 cxb4 15.Rxb4 Bd7 16.cxb5 axb5
17.Qb1 Qe8 18.Re1 Qc8 19.Nxb5 Qc5 20.a4 Ng4 21.Rf1 Bh6 22.Rb2 Nxf2 23.Rxf2 Rfc8
24.Nb3 Qxc1+ 25.Nxc1 Rxc1+ 26.Qxc1 Bxc1 27.Rbe2 Bxb5 28.axb5 Rxb5 29.h4 Nc4
30.Kh2 Be3 31.Rf3  1/2-1/2

[Event "TCh-UKR Clubs"]
[Site "Alushta UKR"]
[Date "2010.05.18"]
[Round "8"]
[White "Borovikov,V"]
[Black "Stoockalov,V"]
[Result "1-0"]
[WhiteElo "2599"]
[BlackElo "2280"]

1.d4 Nf6 2.Nf3 g6 3.c4 Bg7 4.g3 O-O 5.Bg2 d6 6.Nc3 Nc6 7.O-O a6 8.Qd3 Bg4
9.d5 Bxf3 10.exf3 Ne5 11.Qe2 c5 12.f4 Ned7 13.a4 b6 14.Bd2 Qc7 15.h4 Rae8
16.Bh3 Kh8 17.Rae1 Qd8 18.Qd1 Ng8 19.h5 Nh6 20.hxg6 hxg6 21.Ne4 Kg8 22.Qc2 Nf6
23.Ng5 Nh7 24.Kg2 e5 25.dxe6 f5 26.Kg1 Bf6 27.e7 Rxe7 28.Ne6 Qd7 29.Nxf8 Nxf8
30.Rxe7 Bxe7 31.Bc3 d5 32.cxd5 Qxd5 33.Qe2  1-0

[Event "Campomanes Mem IM"]
[Site "Ankara TUR"]
[Date "2010.05.20"]
[Round "8"]
[White "Ozturk,Ku"]
[Black "Genova,Ly"]
[Result "1/2-1/2"]
[WhiteElo "2273"]
[BlackElo "2293"]

1.d4 g6 2.c4 Nf6 3.Nf3 Bg7 4.g3 O-O 5.Bg2 d6 6.Nc3 Nbd7 7.O-O e5 8.e4 exd4
9.Nxd4 Re8 10.Re1 Nc5 11.h3 h6 12.Rb1 a5 13.b3 Bd7 14.Bf4 Qc8 15.Kh2 Kh7
16.a3 Ra6 17.Re2 Ra8 18.b4 axb4 19.axb4 Ne6 20.Nxe6 Bxe6 21.Nd5 Nd7 22.Rc1 b6
23.Be3 Qd8 24.Nf4 Ra3 25.Nxe6 Rxe6 26.Bf4  1/2-1/2

[Event "4th All China Games Rapid"]
[Site "Hefei CHN"]
[Date "2010.05.20"]
[Round "11"]
[White "Zhao Xue"]
[Black "Li Haoyu"]
[Result "1/2-1/2"]
[WhiteElo "2493"]
[BlackElo "2383"]

1.d4 d6 2.Nf3 g6 3.g3 Bg7 4.Bg2 Nf6 5.c4 O-O 6.Nc3 Nc6 7.O-O e5 8.dxe5 Nxe5
9.Nxe5 dxe5 10.Qxd8 Rxd8 11.Bg5 Rd4 12.b3 c6 13.Rad1 Rxd1 14.Rxd1 Be6 15.h3 h6
16.Be3 Bf8 17.f4 Bb4 18.Na4 exf4 19.gxf4 Nd7 20.Kf2 f5 21.Bd4 Kf7 22.e3 Be7
23.Kg3 g5 24.e4 fxe4 25.fxg5 Bd6+ 26.Kf2 hxg5 27.Nc3 Nc5 28.Ke3 Ke7 29.b4 Bf4+
30.Kf2 Nd3+ 31.Kg1 Rd8 32.Bxa7 e3 33.b5 Bxc4 34.bxc6 bxc6 35.Bxc6 Rh8 36.Bd5 Ba6
37.Bg2 Rd8 38.Rb1 Bc4 39.Bf1 Rd7 40.Bb6 Ne5 41.Bc5+ Kf7 42.Bxc4+ Nxc4 43.Rb4 Nd2
44.Kg2 Ke6 45.Ne2 Kf5 46.a4 Rc7 47.Bb6 Rc8 48.h4 Ne4 49.hxg5 Bxg5 50.Nd4+ Kg4
51.Ne2 Kf5 52.Rb5+ Kg4 53.Rb4 Kf5 54.Rb2 Rg8 55.Nd4+ Kg4 56.a5 Bf6 57.Re2 Nc3
58.Re1 Nd5 59.Ne2 Rh8 60.Rd1 Nxb6 61.axb6 Be5 62.Rd5 Rh2+ 63.Kg1 Rxe2 64.Rxe5 Rb2
65.Rxe3 Rxb6 66.Kf2  1/2-1/2

[Event "BSG Pinkster GpA"]
[Site "Bossum NED"]
[Date "2010.05.22"]
[Round "2"]
[White "Mulder,BP"]
[Black "Losekoot,P"]
[Result "1-0"]
[WhiteElo "2212"]
[BlackElo "2042"]

1.d4 Nf6 2.Nf3 g6 3.c4 Bg7 4.g3 O-O 5.Bg2 d6 6.O-O Nbd7 7.Nc3 e5 8.e4 Re8
9.h3 exd4 10.Nxd4 c6 11.Be3 a5 12.Qc2 Qe7 13.Rfe1 Nc5 14.Rad1 Ne6 15.f4 Nxd4
16.Bxd4 Be6 17.b3 Qc7 18.Qf2 c5 19.Nb5 Qe7 20.Bxf6 Bxf6 21.Nxd6 Bd4 22.Rxd4 cxd4
23.Nxe8 Rd8 24.f5 Bc8 25.fxg6 Qxe8 26.gxh7+ Kxh7 27.e5 Qe7 28.Bd5  1-0

[Event "ch-Moscow Final"]
[Site "Moscow RUS"]
[Date "2010.05.24"]
[Round "2"]
[White "Rychagov,A"]
[Black "Novikov,St1"]
[Result "1-0"]
[WhiteElo "2551"]
[BlackElo "2558"]

1.d4 Nf6 2.c4 g6 3.Nf3 Bg7 4.g3 O-O 5.Bg2 d6 6.O-O Nc6 7.Nc3 Rb8 8.d5 Na5
9.Nd2 c5 10.Rb1 e6 11.b3 exd5 12.Nxd5 Bf5 13.Nxf6+ Qxf6 14.Bb2 Qe7 15.Bxg7 Kxg7
16.Rc1 b5 17.cxb5 Rxb5 18.Nb1 Bxb1 19.Rxb1 Rb6 20.Qd2 Nc6 21.Rfd1 Ne5 22.Qc3 Qf6
23.h3 Rd8 24.Rbc1 Nc6 25.Qd2 Nd4 26.e3 Ne6 27.Qa5 Qe7 28.Rd2 Rb4 29.Rcd1 h5
30.Qa6 h4 31.g4 Rb6 32.Qc4 Qf6 33.Qa4 Qe7 34.Rd3 Ng5 35.Qc4 Kg8 36.Qc3 Rb4
37.Qd2 Ne4 38.Bxe4 Qxe4 39.Rxd6 Rxd6 40.Qxd6 Qf3 41.Qd8+ Kg7 42.Rd6 Qxh3
43.Qf6+ Kh6 44.Qh8+ Kg5 45.Rd5+ Kxg4 46.Qf6  1-0

[Event "Rapid Open"]
[Site "Hustopece CZE"]
[Date "2010.06.05"]
[Round "2"]
[White "Laznicka,V"]
[Black "Skacelik,P"]
[Result "1-0"]
[WhiteElo "2636"]
[BlackElo "2223"]

1.d4 Nf6 2.c4 g6 3.Nf3 Bg7 4.g3 O-O 5.Bg2 d6 6.O-O c5 7.Nc3 Nc6 8.e3 a6 9.b3 Rb8
10.a4 Nb4 11.Bb2 Bd7 12.Qe2 Bc6 13.d5 Bd7 14.a5 b6 15.axb6 Rxb6 16.h3 Qc7
17.e4 Ne8 18.Rfe1 f6 19.Nh4 Qc8 20.Kh2 Nc7 21.f4 e5 22.f5 g5 23.Nf3 Be8 24.Reb1 Kf7
25.Ne1 Ke7 26.Bf3 Rh8 27.Bh5 Bxh5 28.Qxh5 Qe8 29.Qd1 h5 30.Na4 Rb8 31.Bc3 g4
32.h4 Bh6 33.Bxb4 cxb4 34.c5 dxc5 35.d6+  1-0

[Event "Rapid Open"]
[Site "Hustopece CZE"]
[Date "2010.06.05"]
[Round "4"]
[White "Laznicka,V"]
[Black "Rasik,V"]
[Result "1/2-1/2"]
[WhiteElo "2636"]
[BlackElo "2480"]

1.d4 Nf6 2.c4 g6 3.Nf3 Bg7 4.g3 O-O 5.Bg2 d6 6.O-O Nc6 7.Nc3 a6 8.b3 Rb8
9.e3 e5 10.dxe5 dxe5 11.Ba3 Re8 12.Qxd8 Rxd8 13.Rad1 Be6 14.Ng5 Bg4 15.Rxd8+ Rxd8
16.Bxc6 bxc6 17.f3 Bf5 18.g4 Bc8 19.Be7 Rd3 20.Rd1 Rxd1+ 21.Nxd1 h6 22.Bxf6 Bxf6
23.Ne4 Be7 24.Kf2 f5 25.gxf5 gxf5 26.Ng3 Kf7 27.Nb2 f4 28.exf4 exf4 29.Ne2 Bf5
30.Ke1 Bd6 31.Kd2 Bb4+ 32.Kd1 Bd6 33.Kd2 Bb4+ 34.Kd1 Bd6 35.Nd4 Bd7 36.Nd3 Kf6
37.Ne2 Kf5 38.Nd4+ Kf6 39.Ne2 Kf5 40.Nd4+ Kf6 41.Ne2 Kf5 42.Nd4+  1/2-1/2

[Event "9th TCh-BIH Premier"]
[Site "Bihac BIH"]
[Date "2010.06.06"]
[Round "2"]
[White "Gyimesi,Z"]
[Black "Brenjo,S"]
[Result "1-0"]
[WhiteElo "2600"]
[BlackElo "2522"]

1.d4 Nf6 2.c4 g6 3.g3 Bg7 4.Bg2 O-O 5.Nf3 d6 6.Nc3 Nc6 7.O-O Bf5 8.d5 Na5
9.Nd2 c6 10.b4 Nxc4 11.Nxc4 Nxd5 12.Nxd5 Bxa1 13.Bh6 Bg7 14.Bxg7 Kxg7 15.Nde3 Be6
16.Qd2 f6 17.Rc1 Rc8 18.Na5 Qd7 19.Qd4 c5 20.bxc5 Rxc5 21.Rxc5 dxc5 22.Qxd7 Bxd7
23.Bxb7 Bb5 24.Kf1 Rd8 25.Bd5 e6 26.Bb3 Rd2 27.Nec4 Rd7 28.Na3 Ba6 29.Ke1 e5
30.Nb1 f5 31.f3 h5 32.Nc3 Rd6 33.Bd5 g5 34.Nb3 h4 35.Nxc5 Bc8 36.Kf2 hxg3+
37.hxg3 Rh6 38.Nb5 Rh2+ 39.Ke1 g4 40.Nxa7 gxf3 41.Bxf3 e4 42.Bxe4 fxe4 43.Nxc8 e3
44.Kd1 Rh1+ 45.Kc2 Ra1 46.Kb2 Re1 47.Ne6+ Kf6 48.Nf4 Rd1 49.Nb6 Ke5 50.Nbd5 Kd4
51.g4  1-0

[Event "9th TCh-BIH Premier"]
[Site "Bihac BIH"]
[Date "2010.06.06"]
[Round "2"]
[White "Batinic,P"]
[Black "Popovic,Emir"]
[Result "1-0"]
[WhiteElo "2310"]
[BlackElo "1831"]

1.Nf3 Nf6 2.g3 g6 3.Bg2 Bg7 4.c4 d6 5.d4 O-O 6.Nc3 Nbd7 7.O-O Re8 8.Re1 e5
9.h3 Rb8 10.e4 b6 11.d5 a5 12.a3 Ba6 13.Bf1 Nh5 14.b4 axb4 15.axb4 Bb7 16.Ra7 Qc8
17.Nb5 Bf6 18.h4 Bd8 19.Bh3 Ng7 20.Bh6 Re7 21.Qa4 f5 22.Bxg7 Rxg7 23.exf5 Nf6
24.Qc2 Qd7 25.Ng5 Bxd5 26.fxg6 Qc6 27.gxh7+ Nxh7 28.Be6+ Bxe6 29.Nxe6 Re7
30.Qg6+ Kh8 31.Re4 Rxe6 32.Qxe6 Qxe4 33.Nxd6 Qe1+ 34.Kg2 Qd1 35.Nf7+ Kg7
36.Nxe5 Qh5 37.Qd7+ Kg8 38.Nc6 Bxh4 39.Qxc7  1-0

[Event "9th TCh-BIH Premier"]
[Site "Bihac BIH"]
[Date "2010.06.08"]
[Round "4"]
[White "Gyimesi,Z"]
[Black "Tomic,Bos"]
[Result "1/2-1/2"]
[WhiteElo "2600"]
[BlackElo "2423"]

1.d4 Nf6 2.c4 g6 3.g3 Bg7 4.Bg2 O-O 5.Nf3 d6 6.Nc3 Nc6 7.O-O Bg4 8.d5 Na5
9.Nd2 c5 10.Qc2 e5 11.b3 a6 12.Bb2 b5 13.h3 Bd7 14.e4 bxc4 15.bxc4 Rb8 16.Ne2 Ba4
17.Qc1 Bh6 18.f4 Nd7 19.Bc3 Rb4 20.Kh2 Rxc4 21.Nxc4 Nxc4 22.Be1 Ncb6 23.Rf2 Bb5
24.Bd2 Nc4 25.Nc3 Nxd2 26.Qxd2 exf4 27.gxf4 Qh4 28.Nxb5 axb5 29.Raf1 f5 30.Qe2 fxe4
31.Qxe4 Nf6 32.Qe6+ Kg7 33.Kg1 Nh5 34.Qxd6 Bxf4 35.Qd7+ Rf7 36.Qg4 Qf6 37.Rf3 Qd4+
38.Kh1 c4 39.R1f2 c3 40.Bf1 Qxd5 41.Bd3 b4 42.Kg1 Qd4 43.Kg2 Rf6 44.Re2 Qd6
45.Bc2 Be5 46.Rxf6 Qxf6 47.Re4 Nf4+ 48.Kg1 h5 49.Qf3 Qd6 50.Kf1 Qa6+ 51.Ke1 Qd6
52.Kf1 Qa6+ 53.Ke1 Qd6 54.Kf1  1/2-1/2

[Event "3rd Mayor's Cup"]
[Site "Mumbai IND"]
[Date "2010.06.10"]
[Round "11"]
[White "Lafuente,P"]
[Black "Shiven,K"]
[Result "1-0"]
[WhiteElo "2587"]
[BlackElo "2337"]

1.Nf3 Nf6 2.c4 g6 3.d4 Bg7 4.g3 O-O 5.Bg2 d6 6.O-O Nbd7 7.Nc3 Re8 8.b3 e5
9.e3 c6 10.Qc2 exd4 11.Nxd4 Nf8 12.Ba3 c5 13.Nde2 Qa5 14.Bb2 Bf5 15.Qc1 Ne4
16.Nd5 Nd7 17.Bxg7 Kxg7 18.g4 Bxg4 19.f3 Qd2 20.Qxd2 Nxd2 21.Rf2 Ne5 22.fxg4 Nxg4
23.Nc7 Nxf2 24.Kxf2 Rac8 25.Nxe8+ Rxe8 26.Ng3 f5 27.Rd1 Ne4+ 28.Nxe4 fxe4
29.Rxd6 Re7 30.Bh3  1-0

[Event "Open"]
[Site "Teplice CZE"]
[Date "2010.06.15"]
[Round "4"]
[White "Voloshin,L"]
[Black "Kovar,V"]
[Result "1-0"]
[WhiteElo "2452"]
[BlackElo "2337"]

1.Nf3 Nf6 2.c4 g6 3.g3 Bg7 4.Bg2 d6 5.d4 O-O 6.O-O Nbd7 7.Nc3 e5 8.e4 c6
9.Re1 Qb6 10.h3 exd4 11.Nxd4 Ne8 12.Nb3 Qb4 13.Bf1 Nc5 14.Be3 Be6 15.Nxc5 dxc5
16.Na4 b5 17.cxb5 cxb5 18.Nxc5 Nc7 19.Rc1 Rfd8 20.Qc2 Qxb2 21.Qxb2 Bxb2 22.Rc2 Bg7
23.Rec1 Bc8 24.Nb3 Ne6 25.Bxb5 Bb7 26.Bc6 Bxc6 27.Rxc6 Nd4 28.Bxd4 Bxd4 29.Kg2 Bb6
30.R1c2 Rd3 31.Rd2 Rad8 32.Rcc2 h5 33.h4 Kg7 34.Rxd3 Rxd3 35.Nd2 Kf6 36.Nf3 Ke6
37.Ng5+ Ke7 38.e5 Rd5 39.f4 Rd3 40.Rc6 Ke8 41.Rf6 Bd8 42.Ra6 Bb6 43.Ne4 Rd4
44.Nf6+ Ke7 45.Ra3 Rd2+ 46.Kf3 Rf2+ 47.Ke4 Ke6 48.g4 Re2+ 49.Kf3 Rf2+ 50.Kg3 hxg4
51.Nxg4 Rc2 52.Kf3 Kf5 53.Ne3+ Bxe3 54.Kxe3 Rc7 55.Ra6 Kg4 56.Rf6 Kxh4 57.Kd4 g5
58.fxg5 Kxg5 59.a4 Rd7+ 60.Kc5 Rc7+ 61.Kd6  1-0